55 preguntas y respuestas contra el aborto que todos los chilenos deben conocer.

Uloženo v:
Podrobná bibliografie
Hlavní autor: Montes Bezanilla, Luis (autor)
Médium: Kniha
Jazyk:španělština
Vydáno: Acción Familia 2011
Témata:
Tagy: Přidat tag
Žádné tagy, Buďte první, kdo vytvoří štítek k tomuto záznamu!

MARC

LEADER 00000cam a2200000 a 4500
001 UCG9960
003 CL-VaPUC
005 20220319074522.0
008 120420e20111100CL |||||||||||||||||spa|d
999 |c 347485  |d 347483 
020 |a 9789567913039 
040 |c Pontificia Universidad Católica de Valparaíso 
082 0 4 |a 179.76 MON 2011  |2 21 
100 |a Montes Bezanilla, Luis  |e autor  |9 561741 
245 1 0 |a 55 preguntas y respuestas contra el aborto que todos los chilenos deben conocer. 
260 0 3 |b Acción Familia  |c 2011 
300 |a 96 páginas. 
583 |a last modification  |c 20120420 11:58:00  |k Rodrigo Vera 
650 0 |a Aborto  |9 256680 
650 0 |a Ética  |9 255099 
650 0 |a Comportamiento moral  |9 334569 
650 0 |a Moral cristiana  |9 464237 
942 |c BK  |2 ddc 
945 |d 20120420 00:00:00  |a dcastane 
952 |0 0  |1 0  |2 ddc  |4 0  |6 179_760000000000000_MON_2011  |7 0  |8 A  |9 448863  |a BIBTEO  |b BIBTEO  |d 2019-11-22  |i 4856090  |o 179.76 MON 2011  |p 4856090  |r 2025-01-17  |t 1  |w 2019-11-22  |y BK  |k ICR